00619nam a2200169 a 450000100100000000500170001000800410002704000250006808200080009310000350010124500890013626000400022530000320026570000270029795201080032499900170043200003979220201002033734.0130722s1970 xxua 000 0 spa d aDO-SdBNPbspacBNPHU axxx1 aEnggass, Robert,d1921-965989 0aItaly and spain 1600-1750 :bsurces and documents /cRobert Enggass, Jonathan Brown. aNew Jersey :bPrentice-Hall,c1970. axi, 239 p. :bil. ;c23 cm.1 aBrown, Jonathan965917 001050718MOaGRbGRcCTd2013-07-22iLF1l0oxxx p39792-10r2020-06-25w2020-06-25y1ZNo se presta c39282d39282